[Event "33. Open Ciudad de San Sebastian"]
[Site "San Sebastián ESP"]
[Date "2010.04.01"]
[Round "5.36"]
[White "Izagirre Alsua, Aritz"]
[Black "Segovia Sanchez, Antonio"]
[Result "0-1"]
[WhiteElo "1820"]
[BlackElo "1998"]
[PlyCount "76"]
[EventDate "2010.03.28"]
[EventType "swiss"]
[EventRounds "9"]
[EventCountry "ESP"]
[Source "lmi"]
[SourceDate "2010.03.28"]

1. d3 d5 2. Nd2 c5 3. e4 Nc6 4. Ngf3 Bg4 5. Be2 Nf6 6. O-O e6 7. c3 Be7 8. Ne1
Bxe2 9. Qxe2 Qc7 10. Nef3 dxe4 11. dxe4 O-O 12. Re1 Rfd8 13. e5 Nd5 14. Nf1 a6
15. h4 b5 16. N1h2 c4 17. Ng4 Bf8 18. h5 Nce7 19. Ngh2 b4 20. Qc2 Rab8 21. g4
Rb5 22. Bg5 Rdb8 23. Bc1 Qb7 24. Ng5 g6 25. Ne4 bxc3 26. bxc3 Rb1 27. Ba3 Rxa1
28. Rxa1 Nf4 29. Re1 Ned5 30. Bxf8 Kxf8 31. Nd6 Qb2 32. Qxb2 Rxb2 33. hxg6 hxg6
34. Nxc4 Rxa2 35. Nf3 Nxc3 36. Nfd2 Ncd5 37. Kh2 Nd3 38. Kg3 Nxe1 0-1

[Event "33. Open Ciudad de San Sebastian"]
[Site "San Sebastián ESP"]
[Date "2010.04.01"]
[Round "5.37"]
[White "Bas Mas, Miguel"]
[Black "Sanchez Dolado, Jorge"]
[Result "0-1"]
[WhiteElo "1801"]
[BlackElo "1966"]
[PlyCount "84"]
[EventDate "2010.03.28"]
[EventType "swiss"]
[EventRounds "9"]
[EventCountry "ESP"]
[Source "lmi"]
[SourceDate "2010.03.28"]

1. e4 c5 2. Nf3 e6 3. d4 cxd4 4. Nxd4 Nc6 5. Be2 Nf6 6. Nc3 Bb4 7. Nxc6 bxc6 8.
e5 Nd5 9. Bd2 Nxc3 10. bxc3 Bc5 11. O-O O-O 12. Kh1 f5 13. f4 a5 14. a4 Qc7 15.
c4 Qa7 16. Bc3 Rb8 17. Rf3 Rf7 18. Qe1 Bb4 19. Bxb4 Rxb4 20. c3 Rb8 21. Rb1 c5
22. Rf1 Ba6 23. Rxb8+ Qxb8 24. Qb1 Rf8 25. Qa2 Qc7 26. Rb1 Rb8 27. Rb2 d6 28.
exd6 Rxb2 29. Qxb2 Qxd6 30. Qc1 Bb7 31. Qe3 Bc6 32. h3 Bxa4 33. Bf3 Bc6 34.
Bxc6 Qxc6 35. Qe5 Qb6 36. g4 fxg4 37. hxg4 a4 38. f5 a3 39. fxe6 a2 40. e7
a1=Q+ 41. Kh2 Qbb2+ 42. Kh3 Qxc3+ 0-1

[Event "33. Open Ciudad de San Sebastian"]
[Site "San Sebastián ESP"]
[Date "2010.04.01"]
[Round "5.38"]
[White "D Anna Razzetti, Juan Pablo"]
[Black "Rodriguez Cabrera, Fco  Javier"]
[Result "0-1"]
[WhiteElo "1804"]
[BlackElo "1962"]
[PlyCount "70"]
[EventDate "2010.03.28"]
[EventType "swiss"]
[EventRounds "9"]
[EventCountry "ESP"]
[Source "lmi"]
[SourceDate "2010.03.28"]

1. d4 Nf6 2. c4 g6 3. Nc3 Bg7 4. e4 d6 5. f3 O-O 6. Be3 e5 7. d5 c6 8. Qd2 Re8
9. g4 a6 10. h4 h5 11. gxh5 Nxh5 12. Nge2 c5 13. Nd1 b5 14. Nf2 Nd7 15. Nc3
bxc4 16. Bg5 Qa5 17. Ng4 Nf4 18. Rc1 Rb8 19. Nh6+ Kf8 20. Bxf4 exf4 21. Qxf4
Ne5 22. h5 Qc7 23. hxg6 Nxg6 24. Qh2 Be5 25. Qg2 Qe7 26. Bxc4 Qf6 27. Ne2 Rxb2
28. Ng4 Bxg4 29. Qxg4 Reb8 30. O-O Nf4 31. Rf2 Nxe2+ 32. Rxe2 Rxe2 33. Bxe2 Qh6
34. Rd1 Qh2+ 35. Kf1 Bg3 0-1

[Event "33. Open Ciudad de San Sebastian"]
[Site "San Sebastián ESP"]
[Date "2010.04.01"]
[Round "5.39"]
[White "Cantabrana Garona, Alejandro"]
[Black "Miguelez Garcia, Erlantz"]
[Result "1-0"]
[WhiteElo "1780"]
[BlackElo "1958"]
[PlyCount "69"]
[EventDate "2010.03.28"]
[EventType "swiss"]
[EventRounds "9"]
[EventCountry "ESP"]
[Source "lmi"]
[SourceDate "2010.03.28"]

1. c4 f5 2. d4 Nf6 3. g3 e6 4. Nc3 Bb4 5. Qc2 d6 6. Bg2 O-O 7. e3 Bxc3+ 8. Qxc3
Qe7 9. Ne2 a5 10. O-O Nc6 11. b3 Bd7 12. Bb2 Nd8 13. Rad1 Bc6 14. d5 exd5 15.
cxd5 Bb5 16. Rfe1 Bxe2 17. Rxe2 Nf7 18. Rc1 Rfc8 19. e4 Nh6 20. e5 dxe5 21.
Rxe5 Qb4 22. Qd3 Ne8 23. Rc4 Qf8 24. Qc3 Nf7 25. Re6 Nfd6 26. Rf4 b5 27. Bh3
Nf6 28. Bxf5 Nxd5 29. Bxh7+ Kxh7 30. Qd3+ Nf5 31. Rxf5 Nb4 32. Rh5+ Kg8 33.
Qh7+ Kf7 34. Qg6+ Kg8 35. Rf5 1-0

[Event "33. Open Ciudad de San Sebastian"]
[Site "San Sebastián ESP"]
[Date "2010.04.01"]
[Round "5.41"]
[White "Perez Cameselle, Francisco"]
[Black "Baroja Arrue, Miguel Maria"]
[Result "1-0"]
[WhiteElo "1958"]
[BlackElo "1875"]
[PlyCount "71"]
[EventDate "2010.03.28"]
[EventType "swiss"]
[EventRounds "9"]
[EventCountry "ESP"]
[Source "lmi"]
[SourceDate "2010.03.28"]

1. Nf3 b6 2. g3 Bb7 3. Bg2 e6 4. O-O Nf6 5. d3 d6 6. e4 Be7 7. Nc3 O-O 8. Re1
Nbd7 9. d4 c5 10. d5 exd5 11. exd5 a6 12. a4 Ne8 13. Nd2 Nc7 14. Nc4 b5 15. Na5
Rb8 16. Nc6 Bxc6 17. dxc6 Ne5 18. f4 Nc4 19. axb5 axb5 20. Ra7 Bf6 21. Nd5 Bd4+
22. Kh1 Nxd5 23. Bxd5 Rc8 24. Ree7 Nb6 25. Qf3 Ra8 26. Rxf7 Rxf7 27. Rxf7 Kh8
28. c7 Qe8 29. Bxa8 Qxf7 30. Qc6 Nc8 31. Bb7 Qe6 32. Bxc8 Qxc8 33. Qxd6 Bf6 34.
Qxc5 Bd4 35. Qxd4 Qxc7 36. Bd2 1-0

[Event "33. Open Ciudad de San Sebastian"]
[Site "San Sebastián ESP"]
[Date "2010.04.01"]
[Round "5.42"]
[White "Etxeberria Iriondo, Sabino"]
[Black "Tung, Siu Hung"]
[Result "1/2-1/2"]
[WhiteElo "1958"]
[BlackElo "1864"]
[PlyCount "98"]
[EventDate "2010.03.28"]
[EventType "swiss"]
[EventRounds "9"]
[EventCountry "ESP"]
[Source "lmi"]
[SourceDate "2010.03.28"]

1. e4 g6 2. d4 Bg7 3. Nc3 d6 4. Be2 c6 5. Be3 Nf6 6. h4 h5 7. Nh3 Nbd7 8. Ng5
b5 9. f3 a6 10. Qd2 Qc7 11. Nd1 c5 12. c3 e5 13. d5 Nb6 14. b4 c4 15. O-O a5
16. Rb1 Bd7 17. f4 exf4 18. Bd4 O-O 19. Qxf4 Ng4 20. Bxg7 Kxg7 21. Bxg4 Bxg4
22. Qf6+ Kg8 23. Ne3 Nd7 24. Qd4 Ne5 25. bxa5 Rxa5 26. Rb2 Bd7 27. Rbf2 Raa8
28. Rf6 Rae8 29. R1f2 Bc8 30. Rb2 Kg7 31. Rbf2 Kg8 32. Rb2 Qd8 33. Rbf2 Bf5 34.
Nxf5 gxf5 35. R2xf5 Re7 36. Nh3 Ng6 37. Rxh5 Re5 38. Rff5 Qe7 39. Rxe5 Nxe5 40.
Rg5+ Kh7 41. Qd1 Ng6 42. Qf3 Re8 43. h5 Ne5 44. Qf5+ Kh8 45. Qf4 Nd3 46. Qf5
Qa7+ 47. Kh2 Qe7 48. Kg1 Qa7+ 49. Kh2 Qe7 1/2-1/2

[Event "33. Open Ciudad de San Sebastian"]
[Site "San Sebastián ESP"]
[Date "2010.04.01"]
[Round "5.43"]
[White "Hernandez Lopez, Daniel"]
[Black "Navarro Vallejo, Jonathan"]
[Result "1-0"]
[WhiteElo "1955"]
[BlackElo "1795"]
[PlyCount "61"]
[EventDate "2010.03.28"]
[EventType "swiss"]
[EventRounds "9"]
[EventCountry "ESP"]
[Source "lmi"]
[SourceDate "2010.03.28"]

1. e4 c5 2. Nf3 d6 3. d4 cxd4 4. Nxd4 Nf6 5. Nc3 a6 6. Be2 g6 7. Be3 Bg7 8. Qd2
O-O 9. h4 h5 10. f3 Nc6 11. O-O-O Ne5 12. Bh6 Bd7 13. Bxg7 Kxg7 14. Rdg1 b5 15.
g4 hxg4 16. h5 Rh8 17. f4 Nc6 18. Nxc6 Bxc6 19. hxg6 b4 20. Nd5 Nxe4 21. Qd4+
Nf6 22. Rxh8 Qxh8 23. Nxe7 Be4 24. Bxg4 Qh2 25. Nf5+ Kg8 26. gxf7+ Kh7 27. Bd1
Qxf4+ 28. Ne3 Rc8 29. Rf1 Bxc2 30. Qxf4 Ne4 31. Bxc2 1-0

[Event "33. Open Ciudad de San Sebastian"]
[Site "San Sebastián ESP"]
[Date "2010.04.01"]
[Round "5.46"]
[White "Ros Eskisabel, Jose Ramon"]
[Black "Moreno Romero, Ernesto"]
[Result "1-0"]
[WhiteElo "2143"]
[BlackElo "1739"]
[PlyCount "59"]
[EventDate "2010.03.28"]
[EventType "swiss"]
[EventRounds "9"]
[EventCountry "ESP"]
[Source "lmi"]
[SourceDate "2010.03.28"]

1. e4 c5 2. Nc3 e6 3. f4 d5 4. Nf3 d4 5. Ne2 Nc6 6. d3 Nf6 7. g3 Qb6 8. b3 Ng4
9. Bd2 g6 10. h3 Ne3 11. Bxe3 dxe3 12. c3 Bg7 13. Qc1 Qa5 14. e5 O-O 15. Bg2
Ne7 16. Qxe3 Nd5 17. Qd2 Rd8 18. O-O Qc7 19. Kh2 b6 20. Rac1 Ba6 21. Rfd1 Rd7
22. Neg1 Rad8 23. Qe1 Ne7 24. d4 c4 25. Ng5 cxb3 26. axb3 Bb7 27. N1f3 Qc6 28.
Nxf7 Rf8 29. Nd6 Bc8 30. Ng5 1-0

[Event "33. Open Ciudad de San Sebastian"]
[Site "San Sebastián ESP"]
[Date "2010.04.01"]
[Round "5.47"]
[White "Molina Rodriguez, Borja"]
[Black "Orube Bona, Andoni"]
[Result "1-0"]
[WhiteElo "1941"]
[BlackElo "1732"]
[PlyCount "53"]
[EventDate "2010.03.28"]
[EventType "swiss"]
[EventRounds "9"]
[EventCountry "ESP"]
[Source "lmi"]
[SourceDate "2010.03.28"]

1. e4 c5 2. Nf3 Nc6 3. d4 cxd4 4. Nxd4 Nf6 5. Nc3 e5 6. Ndb5 d6 7. Bg5 a6 8.
Na3 b5 9. Nd5 Be7 10. Bxf6 Bxf6 11. c3 Bg5 12. Nc2 O-O 13. a4 bxa4 14. Rxa4 a5
15. Bc4 Rb8 16. Ra2 Kh8 17. Nce3 Bxe3 18. Nxe3 Ne7 19. b3 f5 20. exf5 Nxf5 21.
Nxf5 Bxf5 22. Qd5 Bb1 23. Ra1 Bg6 24. Qxa5 Qh4 25. O-O Be4 26. f3 Ra8 27. fxe4
1-0

[Event "33. Open Ciudad de San Sebastian"]
[Site "San Sebastián ESP"]
[Date "2010.04.01"]
[Round "5.48"]
[White "Nortes Hernandez, Pedro"]
[Black "Cendagortagalarza Rodriguez, Jo"]
[Result "1/2-1/2"]
[WhiteElo "1896"]
[BlackElo "1685"]
[PlyCount "52"]
[EventDate "2010.03.28"]
[EventType "swiss"]
[EventRounds "9"]
[EventCountry "ESP"]
[Source "lmi"]
[SourceDate "2010.03.28"]

1. e4 c5 2. Nf3 d6 3. d4 cxd4 4. Nxd4 Nf6 5. Nc3 g6 6. Be3 Bg7 7. f3 O-O 8. Bc4
Nc6 9. Qd2 Bd7 10. O-O-O Rc8 11. Bb3 Ne5 12. h4 h5 13. Bg5 Rc5 14. g4 hxg4 15.
f4 Nc4 16. Qd3 b5 17. Bxf6 Bxf6 18. Nd5 Bg7 19. Ne3 Nxe3 20. Qxe3 Qb6 21. Kb1
a5 22. f5 gxf5 23. Nxf5 Bxf5 24. exf5 Rxc2 25. Qxb6 Rxb2+ 26. Ka1 Rd2+ 1/2-1/2

[Event "33. Open Ciudad de San Sebastian"]
[Site "San Sebastián ESP"]
[Date "2010.04.01"]
[Round "5.49"]
[White "Vicente Ezeiza, Mikel"]
[Black "Buiza Prieto, Aizbeltz"]
[Result "0-1"]
[WhiteElo "1674"]
[BlackElo "1812"]
[PlyCount "70"]
[EventDate "2010.03.28"]
[EventType "swiss"]
[EventRounds "9"]
[EventCountry "ESP"]
[Source "lmi"]
[SourceDate "2010.03.28"]

1. e4 c5 2. Nf3 a6 3. d4 cxd4 4. Nxd4 Nf6 5. e5 Qa5+ 6. Nc3 Qxe5+ 7. Be3 e6 8.
Nf3 Qc7 9. Qd4 Nc6 10. Qb6 Qxb6 11. Bxb6 Bb4 12. O-O-O d5 13. g3 O-O 14. Nd4
Bxc3 15. bxc3 Ne4 16. Nxc6 bxc6 17. Rd3 Rb8 18. Be3 c5 19. f3 c4 20. fxe4 cxd3
21. exd5 Bb7 22. Bxd3 Bxd5 23. Rf1 Bxa2 24. Rf4 Rfd8 25. Rh4 g6 26. Ra4 Rb1+
27. Kd2 Rb2 28. Kc1 Rb1+ 29. Kd2 Bd5 30. Bg5 Ra8 31. Bxa6 Bb7 32. Bxb7 Rxa4 33.
Bf3 Kg7 34. Be7 e5 35. Kd3 e4+ 0-1

[Event "33. Open Ciudad de San Sebastian"]
[Site "San Sebastián ESP"]
[Date "2010.04.01"]
[Round "5.50"]
[White "Bas Sanchez, Jose Joaquin"]
[Black "Berdote Alonso, Carlos"]
[Result "0-1"]
[WhiteElo "1764"]
[BlackElo "1443"]
[PlyCount "106"]
[EventDate "2010.03.28"]
[EventType "swiss"]
[EventRounds "9"]
[EventCountry "ESP"]
[Source "lmi"]
[SourceDate "2010.03.28"]

1. e4 e5 2. Nf3 d6 3. Bc4 Be7 4. d4 exd4 5. Nxd4 Nf6 6. Nc3 O-O 7. h3 Re8 8.
Be3 a6 9. Qf3 Nbd7 10. Bd3 Ne5 11. Qe2 b5 12. O-O c5 13. f4 cxd4 14. Bxd4 Nc6
15. Bf2 Bb7 16. Rad1 Qc7 17. Qf3 Nd7 18. Nd5 Qb8 19. c3 Bd8 20. Rd2 Ne7 21. Ne3
Nc5 22. Bg3 Ng6 23. Nd5 Bxd5 24. exd5 Bb6 25. Kh2 Nxd3 26. Qxd3 Re3 27. Qc2 Qe8
28. f5 Ne5 29. Bf2 Nc4 30. Bxe3 Nxe3 31. Qc1 Nxf1+ 32. Qxf1 Qe5+ 33. Kh1 Re8
34. a3 Qe1 35. Qxe1 Rxe1+ 36. Kh2 Be3 37. Rc2 Bf4+ 38. g3 Be5 39. c4 bxc4 40.
Rxc4 h6 41. Ra4 Re2+ 42. Kg1 Rxb2 43. Rxa6 Bxg3 44. a4 Kh7 45. Ra8 Be5 46. Kf1
Rh2 47. Ra7 f6 48. a5 Rxh3 49. a6 Ra3 50. Kg2 h5 51. Ra8 h4 52. a7 h3+ 53. Kf1
h2 0-1

[Event "33. Open Ciudad de San Sebastian"]
[Site "San Sebastián ESP"]
[Date "2010.04.01"]
[Round "5.52"]
[White "Aguado Zabaleta, Felix"]
[Black "Vazquez Alvarez, Diego"]
[Result "1-0"]
[WhiteElo "1775"]
[BlackElo "1534"]
[PlyCount "83"]
[EventDate "2010.03.28"]
[EventType "swiss"]
[EventRounds "9"]
[EventCountry "ESP"]
[Source "lmi"]
[SourceDate "2010.03.28"]

1. d4 d5 2. c4 c6 3. Nc3 Nf6 4. cxd5 Nxd5 5. e4 Nxc3 6. bxc3 c5 7. Bc4 Nc6 8.
Nf3 Bg4 9. Bxf7+ Kxf7 10. Ng5+ Ke8 11. Qxg4 cxd4 12. Nxh7 Ne5 13. Qh5+ Nf7 14.
Qb5+ Qd7 15. Qxd7+ Kxd7 16. Nxf8+ Raxf8 17. cxd4 Rc8 18. O-O Rc2 19. Be3 Nd6
20. f3 Nc4 21. Bg5 e5 22. Rac1 Rxa2 23. Rxc4 b5 24. Rc5 exd4 25. Rd5+ Ke6 26.
Rxd4 b4 27. Rxb4 Rc8 28. Rc1 Rxc1+ 29. Bxc1 Ra1 30. Rc4 a5 31. h3 a4 32. Kh2 a3
33. Bxa3 Rxa3 34. Rc2 Ke5 35. Kg3 Ra6 36. Rc5+ Kd4 37. Rg5 Ra7 38. Kf4 Rf7+ 39.
Rf5 g5+ 40. Kg4 Ra7 41. Rxg5 Ra2 42. Kf4 1-0

[Event "33. Open Ciudad de San Sebastian"]
[Site "San Sebastián ESP"]
[Date "2010.04.01"]
[Round "5.53"]
[White "Sanchez Merino, Christian"]
[Black "Ciruelos Clerencia, Juan Manuel"]
[Result "1/2-1/2"]
[WhiteElo "1623"]
[BlackElo "1773"]
[PlyCount "34"]
[EventDate "2010.03.28"]
[EventType "swiss"]
[EventRounds "9"]
[EventCountry "ESP"]
[Source "lmi"]
[SourceDate "2010.03.28"]

1. e4 e5 2. Nf3 Nc6 3. Bc4 Be7 4. d4 exd4 5. Nxd4 Nf6 6. Nc3 d6 7. Bf4 O-O 8.
h3 Ne5 9. Bxe5 dxe5 10. Nf3 Qxd1+ 11. Rxd1 Bb4 12. Nxe5 Nxe4 13. Nxf7 Nxc3 14.
bxc3 Bxc3+ 15. Kf1 Bf6 16. Nh6+ Kh8 17. Nf7+ Kg8 1/2-1/2

[Event "33. Open Ciudad de San Sebastian"]
[Site "San Sebastián ESP"]
[Date "2010.04.01"]
[Round "5.59"]
[White "Fernandez Lopez, Ivan"]
[Black "Irulegi Garmendia, Jose Antonio"]
[Result "1/2-1/2"]
[WhiteElo "1472"]
[BlackElo "1503"]
[PlyCount "43"]
[EventDate "2010.03.28"]
[EventType "swiss"]
[EventRounds "9"]
[EventCountry "ESP"]
[Source "lmi"]
[SourceDate "2010.03.28"]

1. d4 Nf6 2. Nf3 d5 3. Bg5 e6 4. e3 c5 5. c3 a6 6. Bd3 c4 7. Bc2 Be7 8. Ne5
Nbd7 9. f4 Nxe5 10. fxe5 Ne4 11. Bxe7 Qxe7 12. O-O f5 13. Bxe4 fxe4 14. Qh5+ g6
15. Qg4 Bd7 16. Nd2 O-O-O 17. b3 b5 18. Rfb1 Kc7 19. Qd1 Rb8 20. Rb2 Rb7 21.
Rab1 Rhb8 22. b4 1/2-1/2

[Event "33. Open Ciudad de San Sebastian"]
[Site "San Sebastián ESP"]
[Date "2010.04.01"]
[Round "6.1"]
[White "Alvarez Pedraza, Aramis"]
[Black "Ulibin, Mikhail"]
[Result "1-0"]
[WhiteElo "2486"]
[BlackElo "2516"]
[PlyCount "65"]
[EventDate "2010.03.28"]
[EventType "swiss"]
[EventRounds "9"]
[EventCountry "ESP"]
[Source "lmi"]
[SourceDate "2010.03.28"]

1. d4 e6 2. c4 f5 3. g3 Nf6 4. Bg2 c6 5. Nf3 d5 6. O-O Bd6 7. b3 Qe7 8. Ne5 b6
9. cxd5 exd5 10. Bf4 Ng4 11. Nc3 Be6 12. e4 Bxe5 13. exd5 Bxf4 14. Re1 Be3 15.
fxe3 Qb4 16. Rc1 Bd7 17. e4 Kd8 18. a3 Qd6 19. h3 Qxg3 20. hxg4 f4 21. Qf3 cxd5
22. exd5 Qxf3 23. Bxf3 Na6 24. d6 Rb8 25. Re7 b5 26. Ne4 Rb6 27. Rxg7 Nb8 28.
Ng5 Ke8 29. Re7+ Kf8 30. Nxh7+ Rxh7 31. Rxh7 Kg8 32. Rh6 Kg7 33. g5 1-0

[Event "33. Open Ciudad de San Sebastian"]
[Site "San Sebastián ESP"]
[Date "2010.04.01"]
[Round "6.2"]
[White "Cabrera, Alexis"]
[Black "Korneev, Oleg"]
[Result "1/2-1/2"]
[WhiteElo "2533"]
[BlackElo "2558"]
[PlyCount "30"]
[EventDate "2010.03.28"]
[EventType "swiss"]
[EventRounds "9"]
[EventCountry "ESP"]
[Source "lmi"]
[SourceDate "2010.03.28"]

1. e4 c5 2. Nf3 Nc6 3. d4 cxd4 4. Nxd4 Qb6 5. Nb3 Nf6 6. Nc3 e6 7. Qe2 d6 8. g4
a6 9. Bg2 Be7 10. a4 Qc7 11. a5 O-O 12. O-O Nd7 13. Be3 b5 14. axb6 Nxb6 15. f4
Re8 1/2-1/2

[Event "33. Open Ciudad de San Sebastian"]
[Site "San Sebastián ESP"]
[Date "2010.04.01"]
[Round "6.3"]
[White "Pogorelov, Ruslan"]
[Black "Spraggett, Kevin"]
[Result "0-1"]
[WhiteElo "2486"]
[BlackElo "2580"]
[PlyCount "156"]
[EventDate "2010.03.28"]
[EventType "swiss"]
[EventRounds "9"]
[EventCountry "ESP"]
[Source "lmi"]
[SourceDate "2010.03.28"]

1. Nf3 d6 2. d4 Nf6 3. c4 g6 4. Nc3 Bg7 5. e4 O-O 6. Be2 Na6 7. O-O e5 8. Be3
c6 9. d5 Ng4 10. Bg5 f6 11. Bh4 c5 12. Ne1 Nh6 13. Nd3 Qe7 14. Rb1 b6 15. f3
Bd7 16. b4 Nf7 17. bxc5 bxc5 18. Qc1 Rfb8 19. Qa3 Bc8 20. Rb5 Bh6 21. Bf2 Bf8
22. Rfb1 f5 23. Qa5 Ng5 24. Kh1 fxe4 25. fxe4 Nf7 26. Be3 h5 27. Rf1 Kh7 28.
Bd1 Bh6 29. Bxh6 Kxh6 30. Ba4 Kg7 31. Rxb8 Rxb8 32. Bb5 Nb4 33. Ne1 a6 34. Ba4
Ng5 35. a3 Bg4 36. axb4 cxb4 37. Bc2 bxc3 38. Qxc3 Rf8 39. Rxf8 Qxf8 40. h4
Qf1+ 41. Kh2 Nxe4 42. Bxe4 Qf4+ 43. Kh1 Qxe4 44. c5 dxc5 45. Nd3 Qxd5 46. Nxc5
Qd4 47. Qa3 Bf5 48. Nxa6 Qxh4+ 49. Kg1 Qd4+ 50. Kh2 Qf4+ 51. Kg1 Qd4+ 52. Kh2
Qd7 53. Nc5 Qe7 54. Qa5 Kh7 55. Nb3 Be4 56. Nd2 Bb7 57. Nf1 Qh4+ 58. Kg1 Qd4+
59. Kh2 Qd5 60. Qc7+ Kh6 61. Ne3 Qe4 62. Qc1 Qh4+ 63. Kg1 Qg5 64. Qc5 Qf4 65.
Qc1 h4 66. Qe1 Kg5 67. Qd2 Qd4 68. Qf2 Qf4 69. Qe1 Kh6 70. Qc1 Be4 71. Qe1 Bb7
72. Qc1 Bc8 73. Qe1 Be6 74. Qc3 h3 75. gxh3 Bxh3 76. Qe1 Qg5+ 77. Kh2 Be6 78.
Qc3 Qf4+ 0-1

[Event "33. Open Ciudad de San Sebastian"]
[Site "San Sebastián ESP"]
[Date "2010.04.01"]
[Round "6.4"]
[White "Gleizerov, Evgeny"]
[Black "Barria Zuniga, Daniel"]
[Result "1/2-1/2"]
[WhiteElo "2565"]
[BlackElo "2435"]
[PlyCount "29"]
[EventDate "2010.03.28"]
[EventType "swiss"]
[EventRounds "9"]
[EventCountry "ESP"]
[Source "lmi"]
[SourceDate "2010.03.28"]

1. d4 d5 2. c4 c6 3. Nf3 Nf6 4. Nc3 dxc4 5. a4 Na6 6. e4 Bg4 7. Bxc4 Bxf3 8.
gxf3 e6 9. Be3 Nb4 10. a5 Be7 11. O-O O-O 12. Kh1 Qc7 13. Rg1 Kh8 14. Qb3 b5
15. axb6 1/2-1/2

[Event "33. Open Ciudad de San Sebastian"]
[Site "San Sebastián ESP"]
[Date "2010.04.01"]
[Round "6.5"]
[White "Alsina Leal, Daniel"]
[Black "Argandona Riveiro, Inigo"]
[Result "1/2-1/2"]
[WhiteElo "2548"]
[BlackElo "2388"]
[PlyCount "97"]
[EventDate "2010.03.28"]
[EventType "swiss"]
[EventRounds "9"]
[EventCountry "ESP"]
[Source "lmi"]
[SourceDate "2010.03.28"]

1. e4 d6 2. d4 Nf6 3. Nc3 e5 4. dxe5 dxe5 5. Qxd8+ Kxd8 6. Bg5 Be6 7. O-O-O+
Nbd7 8. f4 exf4 9. Nf3 c6 10. e5 h6 11. Bh4 g5 12. Nxg5 hxg5 13. Bxg5 Kc7 14.
exf6 Bh6 15. Bxh6 Rxh6 16. Be2 Rg8 17. Bf3 Nxf6 18. Rd4 Ng4 19. Rxf4 Nxh2 20.
Ne4 Rgg6 21. Nc5 Nxf3 22. Rxh6 Rxh6 23. Nxe6+ fxe6 24. Rxf3 Rg6 25. g3 a5 26.
Kd2 Kd6 27. Ke3 Rg4 28. Kf2 b5 29. Rd3+ Ke7 30. Rc3 Kd6 31. Kf3 Rg6 32. Rd3+
Ke5 33. g4 a4 34. Kg3 Rg8 35. Rf3 Ke4 36. Rf6 Ke5 37. Rf7 Rd8 38. g5 Rd1 39.
Rf2 Rg1+ 40. Kh4 Ke4 41. Kh5 Ke3 42. Rf6 Kd2 43. Rxe6 Kxc2 44. Re2+ Kd3 45. Rf2
a3 46. Rf3+ Kc2 47. Rf2+ Kd3 48. Rf3+ Kc2 49. Rf2+ 1/2-1/2

[Event "33. Open Ciudad de San Sebastian"]
[Site "San Sebastián ESP"]
[Date "2010.04.01"]
[Round "6.7"]
[White "Collins, Sam E"]
[Black "Movsziszian, Karen"]
[Result "0-1"]
[WhiteElo "2401"]
[BlackElo "2530"]
[PlyCount "108"]
[EventDate "2010.03.28"]
[EventType "swiss"]
[EventRounds "9"]
[EventCountry "ESP"]
[Source "lmi"]
[SourceDate "2010.03.28"]

1. e4 g6 2. d4 Bg7 3. Nc3 d6 4. f4 Nf6 5. Nf3 O-O 6. e5 dxe5 7. dxe5 Qxd1+ 8.
Kxd1 Ng4 9. Ke1 c6 10. h3 Nh6 11. Bc4 Kh8 12. g4 f6 13. Be3 fxe5 14. Nxe5 Nd7
15. Rd1 Nxe5 16. fxe5 b5 17. Bb3 a5 18. a4 Ba6 19. Rd7 Nf7 20. e6 Ne5 21. Rxe7
Bf6 22. Rf7 Nxf7 23. exf7 Rad8 24. Bc5 bxa4 25. Nxa4 Bh4+ 26. Bf2 Rfe8+ 27.
fxe8=R+ Rxe8+ 28. Kd2 Bxf2 29. c4 Bc8 30. Bc2 Kg7 31. Nc3 Rd8+ 32. Bd3 Be6 33.
Kc2 Rf8 34. b3 h5 35. Be2 Kh6 36. Ne4 Bd4 37. Rh2 c5 38. Rg2 h4 39. Nd2 Bd7 40.
Bf3 a4 41. bxa4 Bxa4+ 42. Kd3 Kg5 43. Be4 Bd1 44. Bd5 Kf4 45. Rh2 Re8 46. Ne4
Bf3 47. Nd2 Bd1 48. Be4 Rd8 49. Bd5 Re8 50. Be4 Be3 51. Bd5 Bg1 52. Nf1 Bxh2
53. Nxh2 Be2+ 54. Kd2 Kg3 0-1

[Event "33. Open Ciudad de San Sebastian"]
[Site "San Sebastián ESP"]
[Date "2010.04.01"]
[Round "6.8"]
[White "Cifuentes Parada, Roberto"]
[Black "Griffiths, Ryan Rhys"]
[Result "1/2-1/2"]
[WhiteElo "2525"]
[BlackElo "2195"]
[PlyCount "170"]
[EventDate "2010.03.28"]
[EventType "swiss"]
[EventRounds "9"]
[EventCountry "ESP"]
[Source "lmi"]
[SourceDate "2010.03.28"]

1. Nf3 c5 2. c4 Nc6 3. d4 cxd4 4. Nxd4 Qb6 5. Nb3 e6 6. Nc3 Nf6 7. g3 Ne5 8. e4
Bb4 9. Qe2 d6 10. Bd2 a5 11. f4 Nc6 12. Na4 Bxd2+ 13. Qxd2 Qb4 14. Nc3 a4 15.
Nc1 O-O 16. Bd3 Qc5 17. Qf2 a3 18. b3 Qa5 19. Qd2 Qc5 20. Qf2 Qa5 21. N1e2 d5
22. O-O-O dxc4 23. Bxc4 b5 24. Bxb5 Nxe4 25. Nxe4 Qxb5 26. N2c3 Qa5 27. Qc5
Qxc5 28. Nxc5 Ra5 29. N5e4 e5 30. Rd5 Rxd5 31. Nxd5 Nd4 32. Ne7+ Kh8 33. Nd6
Be6 34. f5 Bd7 35. Kd2 Nb5 36. Nxb5 Bxb5 37. Rc1 Rd8+ 38. Ke3 f6 39. Rc5 Rd3+
40. Kf2 Bd7 41. Ke2 e4 42. Rd5 Rxd5 43. Nxd5 Bxf5 44. b4 Be6 45. Nc3 Kg8 46. b5
Kf7 47. b6 Bc8 48. Nxe4 Ke7 49. Nc5 Kd6 50. b7 Bg4+ 51. Kd3 Kc7 52. Kc3 h5 53.
Kb4 h4 54. Kxa3 hxg3 55. hxg3 Bf3 56. Kb4 Bxb7 57. Ne6+ Kd6 58. Nxg7 Ke5 59.
Kc5 f5 60. a4 Kf6 61. Ne8+ Kg5 62. Nd6 Ba6 63. Kb6 Bd3 64. a5 Kg4 65. Kc5 Kxg3
66. Kd4 Ba6 67. Nxf5+ Kf4 68. Ne7 Bf1 69. Nd5+ Kf3 70. Ne3 Ba6 71. Nc2 Kf4 72.
Ne3 Kg5 73. Ke5 Kg6 74. Nd5 Kf7 75. Kd6 Bf1 76. Nc7 Be2 77. Kd7 Bf1 78. Nd5 Be2
79. Nc3 Bf1 80. Ne4 Be2 81. Nc3 Bf1 82. Ne4 Be2 83. Nd6+ Kf8 84. Kc6 Ke7 85.
Nb5 Bxb5+ 1/2-1/2

[Event "33. Open Ciudad de San Sebastian"]
[Site "San Sebastián ESP"]
[Date "2010.04.01"]
[Round "6.9"]
[White "Andonov, Bogomil"]
[Black "Llaneza Vega, Marcos"]
[Result "0-1"]
[WhiteElo "2304"]
[BlackElo "2514"]
[PlyCount "98"]
[EventDate "2010.03.28"]
[EventType "swiss"]
[EventRounds "9"]
[EventCountry "ESP"]
[Source "lmi"]
[SourceDate "2010.03.28"]

1. d4 Nf6 2. Nf3 e6 3. g3 b6 4. Bg2 Bb7 5. c4 Bb4+ 6. Nbd2 O-O 7. O-O a5 8. Qc2
Bxd2 9. Bxd2 d6 10. b3 Nbd7 11. Bc3 Qe7 12. Rfe1 Be4 13. Qb2 Rfb8 14. a4 Re8
15. Bh3 h6 16. Nd2 Bb7 17. e4 e5 18. f3 Rad8 19. d5 Nc5 20. Re3 Bc8 21. Bxc8
Rxc8 22. b4 axb4 23. Bxb4 Nfd7 24. a5 bxa5 25. Bxa5 Rb8 26. Qc2 Rb7 27. Rb1
Reb8 28. Rxb7 Rxb7 29. Nb3 Qd8 30. Nxc5 Nxc5 31. Ra3 Qb8 32. Bc3 Rb1+ 33. Kg2
Kh7 34. Ra2 Rb7 35. Rb2 f6 36. Rxb7 Qxb7 37. Qb2 Qa6 38. Qe2 Qa3 39. Qc2 Nb3
40. f4 Nc5 41. fxe5 dxe5 42. Qf2 Nxe4 43. Qf5+ Kg8 44. Bxe5 Qa2+ 45. Kg1 Qb1+
46. Kg2 Qc2+ 47. Kg1 Qd1+ 48. Kg2 Qe2+ 49. Kg1 Ng5 0-1